| 000 | 01263cam a22002771i 4500 | ||
|---|---|---|---|
| 003 | SA-RiAUC | ||
| 005 | 20250505075056.0 | ||
| 008 | 250504s2001 su f 000k0dara c | ||
| 020 | _a9960617289 | ||
| 040 |
_aSA-JeALM _bara _cSA-RiAUC _erda |
||
| 082 | 0 | 4 |
_a810.99566 _qSA-RiAUC |
| 090 |
_a810.99566 _b ج هـ ن |
||
| 100 | 1 |
_aالجهني، هيفاء رشيد عطا الله _eمؤلف. |
|
| 245 | 1 | 0 |
_aعمر فروخ ودراساته الأدبية والنقدية / _cإعداد هيفاء رشيد عطا الله الجهني. |
| 264 | 1 |
_aالطائف، السعودية : _bنادي مكة الثقافي. _c2001 |
|
| 300 |
_a464 صفحة ؛ _c24 سم. |
||
| 336 |
_aنص _btxt _2rdacontent _3كتاب |
||
| 337 |
_aبدون وسيط _bn _2rdamedia |
||
| 338 |
_aمجلد _bnc _2rdacarrier |
||
| 490 | 0 |
_aمطبوعات نادي مكة الثقافي الأدبي ؛ _v118 |
|
| 500 | _aالأصل أطروحة (ماجستير)-جامعة أم القرى، كلية اللغة العربية، 1412 هـ. | ||
| 600 | 1 | 7 |
_aفروخ، عمر، _d1906-1987 _xنقد وتفسير _2aucnm |
| 650 | 7 |
_aالأدب العربي _zلبنان _xتاريخ ونقد _yقرن 20 _2aucsh |
|
| 942 |
_2ddc _cBOOK _n0 |
||
| 949 |
_aSA-JeALM _d250504 _umohamedma123 _n1 |
||
| 999 |
_c7609 _d7609 |
||